000 00485nam a2200193Ia 4500
003 ARRUPE
005 20160503143801.0
008 130307s9999 xx 000 0 und d
040 _cARRUPELIB
050 _aPN2061.R5 1935
100 _aRichmond, Susan
_924341
245 2 _aA textbook of stagecraft
_cby Richmond, Susan
260 _aLondon
260 _bH.F.W. Deane Sons
260 _c1935
300 _a129p;
_c20cm.
650 _aActing
_923241
942 _2lcc
_cMONOGRAPH
999 _c85901
_d85901